Rozpoznaj gwiazdę WWE po jej Theme Songu - Statystyki

Ogólne statystyki
  • Ten quiz został rozwiązany 555 razy
  • Średni wynik to 8 z 15
Statystyki odpowiedzi
Theme Song Odpowiedź % Poprawnych
Rest In Peace The Undertaker
94%
Voices Randy Orton
82%
King of Kings Triple H
76%
The Time Is Now John Cena
75%
I Came to Play The Miz
71%
Electrifying The Rock
61%
Metalingus Edge
58%
Here to Show the World Dolph Ziggler
55%
Flight of the Valkyries Daniel Bryan
42%
Gallantry Drew McIntyre
42%
The Second Coming Seth Rollins
42%
Worlds Apart Sami Zayn
36%
Destroyer Samoa Joe
36%
Amazing Naomi
28%
Done With That The Usos
24%
Nie znaleziono quizów pasujących do podanych kryteriów
Rozkład punktacji
Procent ludzi z każdym wynikiem
Percentyl według liczby udzielonych odpowiedzi
Twoja historia wyników
Nie rozwiązałeś tego quizu